Stations du Bus TVL (RATP) - Statistiques

Statistiques générales
  • Ce quiz a été pris 75 fois
  • Le résultat moyen est 16 sur 33
Statistiques - réponses
Ville Nom des Station % Correct
Antony Antony - La Croix de Berny RER
88%
Choisy-Le-Roi Choisy-Le-Roi RER
80%
Choisy-Le-Roi Rouget de Lisle
67%
Thiais Carrefour de la Résistance
65%
Thiais La Belle Epine
65%
Chevilly-Larue Marché international de Rungis
63%
Créteil Pompadour
63%
Saint-Maur-des-Fossés Saint-Maur - Créteil RER
63%
Créteil Créteil - Université
57%
Chevilly-Larue Mairie de Chevilly-Larue
57%
Choisy-Le-Roi Parc Interdépartemental des Sports
57%
Thiais Alouettes
53%
Antony Berny - Raymond Aron
53%
Thiais Georges Halgoult
53%
Thiais Victor Basch
53%
Chevilly-Larue Porte de Thiais
51%
Créteil Eglise de Créteil
47%
Thiais Le Cor de Chasse
47%
Thiais René Panhard
47%
Fresnes Montjean
45%
Choisy-Le-Roi Pasteur
45%
Créteil Préfecture du Val-de-Marne
45%
Chevilly-Larue Le Delta
43%
Choisy-Le-Roi Marcellin Bertheloelot
43%
Saint-Maur-des-Fossés Pont de Créteil
41%
Fresnes Le Clos la Garenne
39%
Fresnes Le Petit Fresnes
37%
Créteil Base de Loisirs de Créteil
35%
Créteil La Haye aux Moines
35%
Créteil Hôpital Intercommunal
33%
Fresnes Parc Médicis
31%
Bonus : Ancienne StationThiais Bas Marin
20%
Fresnes Docteur Tétine
16%
Aucun quiz correspondant
Distribution des résultats
% des personnes avec chaque résultat
Percentile par nombre de réponses
Votre historique - résultats
Vous n’avez pas pris ce quiz